header

Solar and stellar magnetic activity (Record no. 48534)

MARC details
000 -LEADER
fixed length control field 01338nam a2200337 a 4500
082 04 - DEWEY DECIMAL CLASSIFICATION NUMBER
Classification number 523.7/2
100 1# - MAIN ENTRY--AUTHOR NAME
Personal name Schrijver, Carolus J.
245 10 - TITLE STATEMENT
Title Solar and stellar magnetic activity
260 ## - PUBLICATION, DISTRIBUTION, ETC. (IMPRINT)
Place of publication Cambridge, U.K. ;
-- New York :
Name of publisher Cambridge University Press,
Year of publication 2000.
300 ## - PHYSICAL DESCRIPTION
Number of Pages xvi, 384 p. :
Other physical details ill.
490 1# - SERIES STATEMENT
Series statement Cambridge astrophysics series ;
650 #0 - SUBJECT ADDED ENTRY--TOPICAL TERM
Topical Term Solar magnetic fields.
Topical Term Stars
700 1# - ADDED ENTRY--PERSONAL NAME
Personal name Zwaan, C.
856 40 - ELECTRONIC LOCATION AND ACCESS
Uniform Resource Identifier http://site.ebrary.com/lib/rucke/Doc?id=10064327

No items available.

© 2026 Rongo University
Contact us: librarian | system librarian | Rongo university